| 000 | 00703nam a22002533 4500 | ||
|---|---|---|---|
| 001 | 20997 | ||
| 003 | UkOxU | ||
| 005 | 20211209000633.0 | ||
| 008 | 140303s1908 enk 000 1 | ||
| 035 | _a(BD-RjUL) 21059 | ||
| 040 |
_aBD-RjUL _beng _cBD-RjUL |
||
| 041 | _aeng | ||
| 082 |
_a823.809358 _bLOW 1908 |
||
| 100 | 1 |
_aLouÿs, Pierre. _964873 |
|
| 245 | 1 | 0 |
_aWoman and puppet etc. / _ctr. and adapted by G.F. Monkshood. |
| 260 |
_aLondon : _bCollins Clear, _c1908. |
||
| 300 |
_a248 p. ; _c17 cm. |
||
| 490 | 1 | _aLotus libr. | |
| 650 | 0 |
_aEnglish fiction. _964874 |
|
| 690 | 0 | 0 |
_aFrench literature _xFiction _2pre20 _931 |
| 752 |
_aEngland _dLondon |
||
| 830 | 0 |
_aLotus libr. _965831 |
|
| 942 |
_2ddc _cBK |
||
| 999 |
_c20997 _d20997 |
||